| 000 | 00479cam a2200193ua 4500 | ||
|---|---|---|---|
| 020 | _a0702007226 | ||
| 041 |
_aeng _h |
||
| 082 |
_a636.089 _bBLO/VE |
||
| 100 | _aBlood, D.C . | ||
| 245 |
_aVeterinary medicine / _cD.C.Blood. _hTextual Documents |
||
| 250 |
_a5 / _b. |
||
| 260 |
_a : _bThe English Language book society , _c1979. |
||
| 300 | _a1135 ; . | ||
| 504 | _a | ||
| 700 | 1 | _aHenderson, J.A . | |
| 700 | 1 | _aRadostits, O.M . | |
| 942 | _cBK | ||
| 999 |
_c1503 _d1503 |
||